LEADER 01364nam a2200277 i 4500 001 000000153591 003 CaOOAMICUS 005 20220715143420.0 006 a 000 u 008 060928n1980 it u000 u ita u 013 $a130934 040 $aSeMil$bita 100 1 $aDelpini, Mario,$c.$0(OLS)http://semarc/name/90660 245 13$aLa didattica del latino come introduzione alla Esegesi dei classici /$cTesi di laurea in lettere di Mario Delpini ; Relatore Prof. Aldo Marastoni. 264 1$a[S.l. :$bs.n.],$c[1980] 300 $aV, 220 ;$c30 cm. 500 $aIn testa al front. : Universitą Cattolica del Sacro Cuore, Milano, Facoltą di Lettere e Filosofia. - A pič del front. : Anno acc. 1979/80. 650 4$aLingua latina - Insegnamento.$0(OLS)http://semarc/subject/6213 650 4$aTesi di laurea.$0(OLS)http://semarc/subject/1690 650 4$aEsegesi - Letteratura classica.$0(OLS)http://semarc/subject/52676 700 1 $aMarastoni, Aldo.$0(OLS)http://semarc/name/37025 850 $aSeMil 852 $aSeMil$W1$xVenegono$y1$m4X V 20$j105514$B105514$CSeMilBibl$Z2$F114685 $8L 996 $6245$aLa didattica del latino come introduzione alla Esegesi dei classici$9(OLS)http://semarc/title/224747 996 $6264$a[S.l. :$bs.n.]$9(OLS)http://semarc/publisher/29751 LEADER 01250nam a2200301 i 4500 001 000000137023 003 CaOOAMICUS 005 20250509142747.0 008 050406s1991 it u000 u ita u 013 $a110760 020 $a88-384-1603-6 040 $aSeMil$bita 100 1 $aRinser, Luise.$0(OLS)http://semarc/name/43670 240 10$aGefängnistagebuch.$0(OLS)http://semarc/title/200223 245 10$aDiario del carcere /$cLuise Rinser ; premessa di Italo Alighiero Chiusano. 260 $aCasale Monferrato (AL) :$bPiemme,$c1991. 300 $aXIV, 176 p. ;$c22 cm. 490 0 $aNarrativa Piemme 650 4$aDetenuti - Germania - 1944-1945 - Diari e memorie.$0(OLS)http://semarc/subject/57538 700 1 $aChiusano, Italo Alighiero,$d<1926-1995>.$0(OLS)http://semarc/name/2997 830 0$aNarrativa Piemme.$0(OLS)http://semarc/title/7387 850 $aSeMil 852 $aSeMil$W1$xVenegono$y1$m1W IV 347$j256698$B90591$CSeMilBibl$Z2$F95445 $81 961 $aOmaggio: Altro 996 $6020$a88-384-1603-6$9(OLS)http://semarc/number/124657 996 $6245$aDiario del carcere$9(OLS)http://semarc/title/200222 996 $6260$aCasale Monferrato (AL) :$bPiemme$9(OLS)http://semarc/publisher/30052